The college writer's reference (Record no. 69031)

000 -LEADER
fixed length control field 00427nam a22001697a 4500
003 - CONTROL NUMBER IDENTIFIER
control field NUST - PNEC
005 - DATE AND TIME OF LATEST TRANSACTION
control field 20170116181109.0
008 - FIXED-LENGTH DATA ELEMENTS--GENERAL INFORMATION
fixed length control field 151003b xxu||||| |||| 00| 0 eng d
020 ## - INTERNATIONAL STANDARD BOOK NUMBER
International Standard Book Number 0133637220
040 ## - CATALOGING SOURCE
Transcribing agency LIBRARY
082 ## - DEWEY DECIMAL CLASSIFICATION NUMBER
Classification number 808.042 FUL
100 ## - MAIN ENTRY--PERSONAL NAME
9 (RLIN) 12779
Personal name Fulwiler, Toby
245 ## - TITLE STATEMENT
Title The college writer's reference
Statement of responsibility, etc. Toby Fulwiler
260 ## - PUBLICATION, DISTRIBUTION, ETC.
Date of publication, distribution, etc. c.1996
650 ## - SUBJECT ADDED ENTRY--TOPICAL TERM
9 (RLIN) 12782
Topical term or geographic name entry element Reference
General subdivision General
942 ## - ADDED ENTRY ELEMENTS (KOHA)
Source of classification or shelving scheme
Koha item type Book
Holdings
Withdrawn status Lost status Source of classification or shelving scheme Damaged status Not for loan Permanent Location Current Location Shelving location Date acquired Total Checkouts Full call number Barcode Date last seen Price effective from Koha item type
          Pakistan Navy Engineering College (PNEC) Pakistan Navy Engineering College (PNEC)       808.042 FUL PNECLIB-026924 10/03/2015   Book
© 2023 Central Library, National University of Sciences and Technology. All Rights Reserved.